The germ-cell cycle in animals
Guardado en:
| Autor Principal: | |
|---|---|
| Formato: | |
| Idioma: | Undetermined |
| Publicado: |
New York :
The Macmillan company,
1914.
|
| Materias: | |
| Acceso en línea: | Acceso a texto completo |
| Etiquetas: |
Agregar Etiqueta
Sin Etiquetas, Sea el primero en etiquetar este registro!
|
| LEADER | 01229ngm a22002775a 4500 | ||
|---|---|---|---|
| 001 | EEA.libagro010571 | ||
| 008 | 151030s1914####nyu---############zlund#d | ||
| 005 | 20220429131047.0 | ||
| 245 | 1 | 0 | |a The germ-cell cycle in animals |h [microforma] / |c by Robert W. Hegner ... |
| 260 | |a New York : |b The Macmillan company, |c 1914. | ||
| 300 | |a x p., 1 l., 346 p. : |b il. | ||
| 336 | |a text |2 rdacontent | ||
| 337 | |a microform |2 rdamedia | ||
| 338 | |a microfilm |2 rdacarrier | ||
| 500 | |a "This book is the result of a course of lectures delivered during the past school year before a class in cellular biology at the University of Michigan."--Pref. | ||
| 504 | |a "References to literature": p. 311-336. | ||
| 530 | |a Disponible también en línea. | ||
| 533 | |a Microfilm. |b Massachusetts : |c Institute of Technology, Microreproduction Laboratory, |e 1 rollo de microfilm ; 35 mm. | ||
| 100 | 1 | |a Hegner, Robert William, |d 1880-1942. | |
| 082 | 0 | 4 | |a 575.1 |
| 650 | 7 | |a Fisiología animal |2 agrovoc | |
| 650 | 7 | |a Ciclo celular |2 agrovoc | |
| 650 | 7 | |a Ultraestructura celular |2 agrovoc | |
| 650 | 7 | |a Gametos |2 agrovoc | |
| 856 | 4 | 1 | |3 Acceso a texto completo |u https://doi.org/10.5962/bhl.title.23665 |
| 859 | |a AR-BbBCA |b BIB. AGRONOMIA |h 575.1 |i H472 |p 1965/0246 | ||
